000 00828nam0a22002531 4500
001 rc\2812412
005 20250806210810.0
035 _a(NLR Aleph) 006938234
090 _a36544
_c36544
100 _a20110915d1944 u y0rusy50 ca
101 0 _arus
102 _aRU
105 _aa z |||||
200 1 _aПроизводство деревянных ложек
_fВ. И. Чесноков
210 _a[Москва]
_cКОИЗ
_d1944
215 _a61 с., включ. 1 с. обл., без тит. л.
_cил., черт.
_d21 см.
700 1 _aЧесноков
_bВ.И.
_gВасилий Иванович
801 0 _aRU
_bNLR
_gpsbo
801 1 _aRU
_bELAR
_2rusmarc
852 _aNLR
_jТ50 Г-4/62
942 _cBOOK
945 _aРоссийская национальная библиотека
980 _aNB
980 _aBV